[Event "CAN-op"]
[Site "Kapuskasing CAN"]
[Date "2003.07.12"]
[Round "1"]
[White "Ross, Dave"]
[Black "Iljushin, Alexei"]
[Result "0-1"]
[WhiteElo "2328"]
[BlackElo "2553"]
[PlyCount "100"]
[GameId "2160767911293555"]
[EventDate "2003.07.12"]
[EventType "swiss"]
[EventRounds "9"]
[EventCountry "CAN"]
[SourceTitle "EXT 2006"]
[Source "ChessBase"]
[SourceDate "2005.11.24"]
[SourceVersion "1"]
[SourceVersionDate "2005.11.24"]
[SourceQuality "1"]

1. d4 e6 2. Nf3 f5 3. g3 Nf6 4. Bg2 d5 5. O-O Bd6 6. c4 c6 7. b3 Qe7 8. Qc2 O-O 9. Bf4 Bxf4 10. gxf4 Bd7 11. Qb2 Be8 12. Qa3 Qxa3 13. Nxa3 Bh5 14. Rac1 Nbd7 15. b4 a6 16. Rfd1 h6 17. Kf1 Bxf3 18. Bxf3 g5 19. fxg5 hxg5 20. h3 Kf7 21. Bg2 Rh8 22. Nc2 Ke7 23. Ne1 Nb6 24. cxd5 exd5 25. Nd3 Nc4 26. a4 Ne4 27. Rxc4 dxc4 28. Ne5 Rhd8 29. Bxe4 fxe4 30. Nxc4 Ke6 31. Na5 Rd7 32. Nb3 Rh7 33. Kg2 Rah8 34. e3 Rxh3 35. Nc5+ Kd5 36. Nxb7 Rh2+ 37. Kg3 R2h3+ 38. Kg4 Rh2 39. Kg3 R2h3+ 40. Kg2 g4 41. Na5 Rh2+ 42. Kg3 R8h3+ 43. Kxg4 Rf3 44. Rc1 Rg2+ 45. Kh4 Rf8 46. Rc5+ Ke6 47. Rxc6+ Kd7 48. Kh3 Rgxf2 49. Rg6 R2f3+ 50. Rg3 Rg8 0-1

[Event "CAN-op"]
[Site "Kapuskasing CAN"]
[Date "2003.07.14"]
[Round "4"]
[White "Ross, Dave"]
[Black "Smith, Hazel"]
[Result "1/2-1/2"]
[WhiteElo "2328"]
[BlackElo "1849"]
[PlyCount "65"]
[GameId "2160767911293593"]
[EventDate "2003.07.12"]
[EventType "swiss"]
[EventRounds "9"]
[EventCountry "CAN"]
[SourceTitle "EXT 2006"]
[Source "ChessBase"]
[SourceDate "2005.11.24"]
[SourceVersion "1"]
[SourceVersionDate "2005.11.24"]
[SourceQuality "1"]

1. b3 e5 2. c4 Nf6 3. Bb2 Nc6 4. e3 b6 5. a3 Bb7 6. Qc2 Be7 7. Nf3 d6 8. Nc3 O-O 9. Bd3 h6 10. h4 a6 11. O-O-O d5 12. Nxd5 Nxd5 13. cxd5 Qxd5 14. Bc4 Qd6 15. d4 exd4 16. Ng5 hxg5 17. hxg5 g6 18. Rxd4 Nxd4 19. Bxd4 Qxd4 20. exd4 Bxg5+ 21. Kb1 Kg7 22. Bd3 Rac8 23. Be4 Bxe4 24. Qxe4 Rfe8 25. Qd3 a5 26. g3 Bf6 27. Rd1 Rcd8 28. d5 Rd6 29. Qc2 Re7 30. b4 axb4 31. axb4 Red7 32. Ka2 b5 33. Rd3 1/2-1/2

[Event "CAN-op"]
[Site "Kapuskasing CAN"]
[Date "2003.07.15"]
[Round "5"]
[White "Lipnowski, Samuel"]
[Black "Ross, Dave"]
[Result "1/2-1/2"]
[WhiteElo "2107"]
[BlackElo "2328"]
[PlyCount "81"]
[GameId "2160767911293599"]
[EventDate "2003.07.12"]
[EventType "swiss"]
[EventRounds "9"]
[EventCountry "CAN"]
[SourceTitle "EXT 2006"]
[Source "ChessBase"]
[SourceDate "2005.11.24"]
[SourceVersion "1"]
[SourceVersionDate "2005.11.24"]
[SourceQuality "1"]

1. e4 e6 2. d4 d5 3. Nc3 Bb4 4. Nge2 Nc6 5. e5 b6 6. a3 Bf8 7. Ng3 Bb7 8. Be3 Qd7 9. Bd3 O-O-O 10. O-O Nxe5 11. dxe5 d4 12. Bxd4 Qxd4 13. Be4 Bxe4 14. Qxd4 Rxd4 15. Ngxe4 Be7 16. Rad1 Rxd1 17. Rxd1 Nh6 18. Nb5 a6 19. Nd4 Rd8 20. Rd3 Kb7 21. h3 Nf5 22. Nxf5 exf5 23. Rxd8 Bxd8 24. Ng3 g6 25. f4 Kc6 26. Kf1 f6 27. e6 Kd5 28. Ke2 Kxe6 29. Kd3 b5 30. c4 c6 31. Kd4 Bb6+ 32. c5 Bc7 33. Ne2 h5 34. h4 a5 35. b3 Bb8 36. g3 Bc7 37. b4 a4 38. Kd3 Bd8 39. Kd4 Be7 40. Nc3 Bd8 41. Ne2 1/2-1/2

[Event "CAN-op"]
[Site "Kapuskasing CAN"]
[Date "2003.07.17"]
[Round "7"]
[White "Ross, Dave"]
[Black "Tang, Charlie"]
[Result "1-0"]
[WhiteElo "2328"]
[BlackElo "2230"]
[PlyCount "53"]
[GameId "2160767911293623"]
[EventDate "2003.07.12"]
[EventType "swiss"]
[EventRounds "9"]
[EventCountry "CAN"]
[SourceTitle "EXT 2006"]
[Source "ChessBase"]
[SourceDate "2005.11.24"]
[SourceVersion "1"]
[SourceVersionDate "2005.11.24"]
[SourceQuality "1"]

1. d4 c5 2. c3 d5 3. Nf3 Nf6 4. dxc5 Nbd7 5. b4 e5 6. a3 Be7 7. e3 O-O 8. c4 e4 9. cxd5 Bxc5 10. bxc5 exf3 11. gxf3 Nxc5 12. e4 Re8 13. Be3 Ncxe4 14. fxe4 Nxe4 15. Qd4 Bg4 16. Rg1 Qh4 17. Nc3 f5 18. Be2 Qxh2 19. Rxg4 Qh1+ 20. Bf1 fxg4 21. d6 g3 22. Nxe4 Rxe4 23. Qd5+ Kh8 24. O-O-O g2 25. d7 Rd8 26. Qxe4 Qh5 27. Bxg2 1-0

[Event "Quebec op"]
[Site "Montreal CAN"]
[Date "1995.??.??"]
[Round "3"]
[White "Ross, Dave"]
[Black "Picard, Jean"]
[Result "1-0"]
[WhiteElo "2350"]
[BlackElo "2088"]
[PlyCount "85"]
[GameId "2160767912064070"]
[EventDate "1995.07.26"]
[EventType "swiss"]
[EventRounds "9"]
[EventCountry "CAN"]
[SourceTitle "EXT 99"]
[Source "ChessBase"]
[SourceDate "1998.11.10"]
[SourceVersion "1"]
[SourceVersionDate "1998.11.10"]
[SourceQuality "1"]

1. d4 d5 2. Nf3 Nf6 3. c4 dxc4 4. e3 Nbd7 5. Bxc4 Nb6 6. Bb3 Bf5 7. Nc3 e6 8. O-O c6 9. Ne5 Bd6 10. f4 h5 11. Qf3 Bg4 12. Qf2 Nbd5 13. e4 Nxc3 14. bxc3 Nxe4 15. Qe1 Nf6 16. f5 O-O 17. Nxg4 Nxg4 18. h3 Nf6 19. fxe6 fxe6 20. Bxe6+ Kh8 21. Bg5 Be7 22. Qe2 g6 23. Qd3 Kg7 24. Rae1 Nh7 25. Bxe7 Qxe7 26. Bf7 Qxf7 27. Rxf7+ Rxf7 28. Re6 Nf6 29. Qe3 Raf8 30. Qe5 Kh6 31. c4 h4 32. Kh2 Nh5 33. Qe3+ Rf4 34. d5 Ng3 35. Qd3 R8f6 36. Rxf6 Rxf6 37. Qd4 Rf5 38. Qxh4+ Nh5 39. g4 Rf4 40. Qe1 Nf6 41. Qe3 Kg5 42. dxc6 bxc6 43. Qe5+ 1-0

[Event "Quebec op"]
[Site "Montreal CAN"]
[Date "1995.??.??"]
[Round "4"]
[White "Gladu, Pierre"]
[Black "Ross, Dave"]
[Result "1-0"]
[WhiteElo "2136"]
[BlackElo "2350"]
[PlyCount "61"]
[GameId "2160767912064080"]
[EventDate "1995.07.26"]
[EventType "swiss"]
[EventRounds "9"]
[EventCountry "CAN"]
[SourceTitle "EXT 99"]
[Source "ChessBase"]
[SourceDate "1998.11.10"]
[SourceVersion "1"]
[SourceVersionDate "1998.11.10"]
[SourceQuality "1"]

1. e4 b6 2. d4 Bb7 3. Bd3 e6 4. Nf3 c5 5. O-O cxd4 6. Nxd4 Nc6 7. Nxc6 Bxc6 8. Nc3 d6 9. f4 Nf6 10. Kh1 d5 11. e5 Ne4 12. Qe1 Bb4 13. a3 Bxc3 14. bxc3 O-O 15. Be3 f5 16. exf6 Rxf6 17. Bd4 Rh6 18. Rf3 Rc8 19. Qe3 Rc7 20. Rh3 Rxh3 21. Qxh3 Qd6 22. Bxe4 dxe4 23. Be5 Qd7 24. Bxc7 Qxc7 25. Qxe6+ Kh8 26. Rd1 h6 27. f5 Bb7 28. Rd7 Qf4 29. Qe8+ Kh7 30. Qg6+ Kg8 31. Rd8# 1-0

[Event "Quebec-ch"]
[Site "Montreal CAN"]
[Date "1995.??.??"]
[Round "2"]
[White "Ross, Dave"]
[Black "Levtchouk, George"]
[Result "1/2-1/2"]
[WhiteElo "2345"]
[BlackElo "2330"]
[PlyCount "45"]
[GameId "2160767912064462"]
[EventDate "1995.06.25"]
[EventType "tourn"]
[EventRounds "9"]
[EventCountry "CAN"]
[SourceTitle "EXT 2002"]
[Source "ChessBase"]
[SourceDate "2001.11.25"]
[SourceVersion "1"]
[SourceVersionDate "2001.11.25"]
[SourceQuality "1"]

1. d4 g6 2. c4 Bg7 3. Nf3 d6 4. g3 Nf6 5. Bg2 O-O 6. O-O c6 7. Nc3 Qa5 8. h3 e5 9. e4 exd4 10. Nxd4 Qc5 11. Nb3 Qxc4 12. Qxd6 a5 13. Rd1 Qb4 14. Rb1 Nd5 15. Qxb4 axb4 16. exd5 bxc3 17. bxc3 Rxa2 18. Nd4 cxd5 19. Bxd5 Ra5 20. c4 Bxh3 21. Rxb7 Nd7 22. Nc6 Ra2 23. Be3 1/2-1/2

[Event "Quebec-ch"]
[Site "Montreal CAN"]
[Date "1995.??.??"]
[Round "5"]
[White "Gravel, Simon M"]
[Black "Ross, Dave"]
[Result "1/2-1/2"]
[WhiteElo "2285"]
[BlackElo "2345"]
[PlyCount "108"]
[GameId "2160767912064476"]
[EventDate "1995.06.25"]
[EventType "tourn"]
[EventRounds "9"]
[EventCountry "CAN"]
[SourceTitle "EXT 2002"]
[Source "ChessBase"]
[SourceDate "2001.11.25"]
[SourceVersion "1"]
[SourceVersionDate "2001.11.25"]
[SourceQuality "1"]

1. e4 e6 2. d4 d5 3. Nc3 Bb4 4. e5 c5 5. a3 Ba5 6. b4 cxd4 7. Qg4 Ne7 8. Nb5 Bc7 9. f4 Nf5 10. Bd3 O-O 11. Nf3 Nc6 12. Qh3 f6 13. g4 fxe5 14. fxe5 Nxe5 15. gxf5 Nxd3+ 16. cxd3 e5 17. Bg5 Qd7 18. Nxc7 Qxc7 19. Rc1 Qd6 20. Nh4 h6 21. Bd2 e4 22. O-O e3 23. Be1 Bd7 24. Qg4 g5 25. Qxd4 gxh4 26. Bc3 Kf7 27. Qg7+ Ke8 28. Be5 Qe7 29. f6 Qf7 30. Qxf7+ Kxf7 31. Rc7 Rg8+ 32. Kh1 Ke6 33. d4 Rg5 34. f7 Rxe5 35. dxe5 d4 36. Kg2 d3 37. Rxd7 Kxd7 38. Rd1 d2 39. Kf3 Ke6 40. Kxe3 Kxe5 41. Rxd2 Ke6 42. Rd4 h3 43. Rh4 Kxf7 44. Rxh6 Rc8 45. Kd4 Ke7 46. Rh7+ Kd6 47. Rxb7 Rc2 48. Rxa7 Rxh2 49. Ra6+ Kc7 50. Kc5 Ra2 51. Kb5 h2 52. Rh6 Rxa3 53. Rxh2 Rg3 54. Rh7+ Kb8 1/2-1/2

[Event "Quebec-ch"]
[Site "Montreal CAN"]
[Date "1995.??.??"]
[Round "7"]
[White "Latendresse, Simon"]
[Black "Ross, Dave"]
[Result "0-1"]
[WhiteElo "2065"]
[BlackElo "2345"]
[PlyCount "74"]
[GameId "2160767912064487"]
[EventDate "1995.06.25"]
[EventType "tourn"]
[EventRounds "9"]
[EventCountry "CAN"]
[SourceTitle "EXT 2002"]
[Source "ChessBase"]
[SourceDate "2001.11.25"]
[SourceVersion "1"]
[SourceVersionDate "2001.11.25"]
[SourceQuality "1"]

1. e4 b6 2. b3 Bb7 3. d3 d6 4. Bb2 Nd7 5. Nd2 Ngf6 6. Ngf3 e6 7. Be2 g6 8. O-O Bg7 9. Nc4 O-O 10. e5 Nd5 11. Qd2 Rc8 12. d4 dxe5 13. Nfxe5 Nxe5 14. Nxe5 Ne7 15. Qf4 Nf5 16. Rad1 Qh4 17. Qxh4 Nxh4 18. g3 Nf5 19. Rfe1 Rfd8 20. Bb5 Rd6 21. c3 c5 22. Nc4 Rd5 23. Ne3 Nxe3 24. fxe3 cxd4 25. Bc4 dxc3 26. Bxd5 Bxd5 27. Rc1 f5 28. Kf2 Rc5 29. Ba1 a5 30. Re2 b5 31. h4 b4 32. g4 Be4 33. Ke1 fxg4 34. Rf2 Bf3 35. Rcc2 Rd5 36. Rc1 Bf6 37. Rh2 Rh5 0-1

[Event "Quebec-ch"]
[Site "Montreal CAN"]
[Date "1995.07.02"]
[Round "9"]
[White "Linskiy, Oleg"]
[Black "Ross, Dave"]
[Result "1-0"]
[WhiteElo "2356"]
[BlackElo "2364"]
[PlyCount "103"]
[GameId "2160767912064499"]
[EventDate "1995.06.25"]
[EventType "tourn"]
[EventRounds "9"]
[EventCountry "CAN"]
[SourceTitle "hb 2011"]

1. e4 e6 2. d4 d5 3. Nc3 Bb4 4. Nge2 Nc6 5. Be3 Nf6 6. e5 Ng4 7. Bf4 f6 8. Ng3 Nxf2 9. Kxf2 O-O 10. Ke1 fxe5 11. Bxe5 Nxe5 12. dxe5 Qg5 13. Qd3 Qxe5+ 14. Nge2 c6 15. a3 Ba5 16. Kd1 Rf2 17. Kc1 Qf6 18. Ng3 Bd7 19. Kb1 Be8 20. Nce4 dxe4 21. Nxe4 Qf5 22. Nxf2 Qxf2 23. Qf3 Qxf3 24. gxf3 Bh5 25. Bh3 Kf7 26. Ka2 Kf6 27. Rad1 Ke7 28. b4 Bc7 29. Rhe1 Bf7 30. Re2 a5 31. Kb2 axb4 32. axb4 Rf8 33. Rde1 e5 34. f4 Bh5 35. Rxe5+ Bxe5+ 36. Rxe5+ Kd6 37. Rxh5 Rxf4 38. Rxh7 Rxb4+ 39. Kc1 g5 40. Bc8 b5 41. Rh5 Rh4 42. Rxh4 gxh4 43. Kd2 Kd5 44. Kc3 c5 45. Bd7 b4+ 46. Kb3 Ke5 47. h3 Kd4 48. Bf5 Ke3 49. Bd3 Kd4 50. Bf1 Kd5 51. Bg2+ Kd4 52. Bc6 1-0

[Event "Paul Keres A"]
[Site "Montreal CAN"]
[Date "1995.03.08"]
[Round "2"]
[White "Ross, Dave"]
[Black "Tremblay, Alain"]
[Result "1-0"]
[WhiteElo "2359"]
[BlackElo "1906"]
[PlyCount "67"]
[GameId "2160767912064868"]
[EventDate "1995.01.03"]
[EventType "tourn"]
[EventRounds "7"]
[EventCountry "CAN"]
[SourceTitle "EXT 2022"]
[Source "ChessBase"]
[SourceDate "2021.10.06"]
[SourceVersion "1"]
[SourceVersionDate "2021.10.06"]
[SourceQuality "1"]

1. d4 Nf6 2. Nf3 d5 3. c4 c6 4. Nc3 dxc4 5. a4 Bf5 6. e3 e6 7. Bxc4 Bb4 8. O-O O-O 9. Qe2 Nbd7 10. e4 Bg4 11. Rd1 Qc7 12. e5 Nd5 13. Nxd5 cxd5 14. Bd3 f6 15. h3 Bxf3 16. Qxf3 fxe5 17. Qg4 Qd6 18. Qh4 e4 19. Be2 Ba5 20. Bg5 Bc7 21. g3 Bd8 22. Rac1 Qb6 23. Rd2 Bf6 24. Bg4 h6 25. Bxf6 Nxf6 26. a5 Qd6 27. Rdc2 e3 28. fxe3 Ne4 29. a6 g5 30. Qxh6 Qxg3+ 31. Kh1 Nf2+ 32. Rxf2 Qxf2 33. Qxg5+ Kh8 34. Qh6+ 1-0

[Event "Paul Keres A"]
[Site "Montreal CAN"]
[Date "1995.01.24"]
[Round "3"]
[White "Gladu, Pierre"]
[Black "Ross, Dave"]
[Result "0-1"]
[WhiteElo "2116"]
[BlackElo "2359"]
[PlyCount "62"]
[GameId "2160767912064870"]
[EventDate "1995.01.03"]
[EventType "tourn"]
[EventRounds "7"]
[EventCountry "CAN"]
[SourceTitle "EXT 2022"]
[Source "ChessBase"]
[SourceDate "2021.10.06"]
[SourceVersion "1"]
[SourceVersionDate "2021.10.06"]
[SourceQuality "1"]

1. e4 e6 2. d4 d5 3. Nd2 Nf6 4. e5 Nfd7 5. c3 c5 6. Bd3 Nc6 7. Ne2 cxd4 8. cxd4 Qb6 9. Nf3 f6 10. exf6 Nxf6 11. O-O Bd6 12. Re1 O-O 13. Nc3 Kh8 14. Bf1 Bd7 15. Bg5 Ng4 16. Nb5 Bxh2+ 17. Nxh2 Nxf2 18. Qe2 Ne4 19. Nf3 Ng3 20. Qf2 Nxf1 21. Nc3 Rxf3 22. gxf3 Nxd4 23. Kxf1 Rf8 24. Re3 e5 25. Nxd5 Qb5+ 26. Kg1 Qxd5 27. f4 Bc6 28. Kh2 h6 29. Rh3 Nf3+ 30. Rxf3 Qxf3 31. Qxf3 Bxf3 0-1

[Event "Paul Keres A"]
[Site "Montreal CAN"]
[Date "1995.02.17"]
[Round "6"]
[White "Ross, Dave"]
[Black "Bolduc, Steve"]
[Result "1/2-1/2"]
[WhiteElo "2359"]
[BlackElo "2178"]
[PlyCount "52"]
[GameId "2160767912130414"]
[EventDate "1995.01.03"]
[EventType "tourn"]
[EventRounds "7"]
[EventCountry "CAN"]
[SourceTitle "EXT 2022"]
[Source "ChessBase"]
[SourceDate "2021.10.06"]
[SourceVersion "1"]
[SourceVersionDate "2021.10.06"]
[SourceQuality "1"]

1. c4 e6 2. d4 c5 3. e3 Nf6 4. Nf3 b6 5. Nc3 d6 6. Bd3 g6 7. O-O Bg7 8. dxc5 bxc5 9. Ne4 Bb7 10. Qa4+ Bc6 11. Qc2 O-O 12. Rd1 Nxe4 13. Bxe4 Bxe4 14. Qxe4 Qc7 15. Qxa8 Nc6 16. Qxf8+ Bxf8 17. Bd2 a5 18. Bc3 Be7 19. Nd2 f5 20. Nb1 a4 21. Na3 Na7 22. Rd3 g5 23. Rad1 g4 24. Be5 Qb6 25. Bc3 h5 26. R1d2 h4 1/2-1/2

[Event "Beloeil"]
[Site "Beloeil CAN"]
[Date "1994.10.18"]
[Round "3"]
[White "Berube, Richard"]
[Black "Ross, Dave"]
[Result "1/2-1/2"]
[WhiteElo "2323"]
[BlackElo "2307"]
[PlyCount "22"]
[GameId "2160767912140242"]
[EventDate "1994.10.04"]
[EventType "swiss"]
[EventRounds "5"]
[EventCountry "CAN"]
[SourceTitle "hb 2012"]

1. e4 e6 2. d4 d5 3. Nc3 Nf6 4. Bg5 dxe4 5. Nxe4 Be7 6. Bxf6 Bxf6 7. Nf3 O-O 8. c3 Nd7 9. Bd3 e5 10. O-O exd4 11. Nxf6+ Nxf6 1/2-1/2

[Event "Montreal-Toronto m"]
[Site "Kingston CAN"]
[Date "1994.09.24"]
[Round "1"]
[White "Mihaljevic, Josip"]
[Black "Ross, Dave"]
[Result "1/2-1/2"]
[WhiteElo "2369"]
[BlackElo "2392"]
[PlyCount "58"]
[GameId "2160767912140261"]
[EventDate "1994.09.24"]
[EventType "team (rapid)"]
[EventRounds "1"]
[EventCountry "CAN"]
[SourceTitle "CFC 1994.12"]

1. d4 f5 2. g3 Nf6 3. Bg2 g6 4. Nf3 Bg7 5. O-O O-O 6. c4 d6 7. Nc3 Qe8 8. d5 Na6 9. Nd4 Bd7 10. e4 Nxe4 11. Nxe4 fxe4 12. Bxe4 c5 13. Ne6 Bxe6 14. dxe6 Rb8 15. h4 b5 16. h5 gxh5 17. Qd3 Nb4 18. Qb1 bxc4 19. Bxh7+ Kh8 20. a3 Nd3 21. Bxd3 cxd3 22. Qxd3 Rf6 23. Bg5 Qg6 24. Qxg6 Rxg6 25. Bxe7 Rxe6 26. Rae1 Rxe1 27. Rxe1 Re8 28. b3 Kg8 29. Kf1 Bf8 1/2-1/2

[Event "North Bay int."]
[Site "North Bay CAN"]
[Date "1994.08.??"]
[Round "?"]
[White "Ross, Dave"]
[Black "Campbell, Brett"]
[Result "1-0"]
[WhiteElo "2392"]
[BlackElo "2301"]
[PlyCount "79"]
[GameId "2160767912198038"]
[EventDate "1994.08.04"]
[EventType "swiss"]
[EventRounds "8"]
[EventCountry "CAN"]
[SourceTitle "EXT 2022"]
[Source "ChessBase"]
[SourceDate "2021.10.06"]
[SourceVersion "1"]
[SourceVersionDate "2021.10.06"]
[SourceQuality "1"]

1. d4 Nf6 2. Nf3 g6 3. c4 Bg7 4. g3 O-O 5. Bg2 d6 6. Nc3 Nbd7 7. O-O e5 8. e4 c6 9. h3 exd4 10. Nxd4 a5 11. Re1 Nc5 12. Bf4 Re8 13. Qc2 Ne6 14. Be3 Ng4 15. hxg4 Nxd4 16. Qd1 Qb6 17. g5 Be6 18. Rc1 c5 19. b3 Rad8 20. Qd3 Rd7 21. Rcd1 Qd8 22. Rf1 f5 23. exf5 Bxf5 24. Bd5+ Kh8 25. Qd2 Bh3 26. Rfe1 Bg4 27. Kg2 Re5 28. f4 Rxd5 29. Nxd5 Bf3+ 30. Kf2 Bxd1 31. Qxd1 Rf7 32. Bxd4 Bxd4+ 33. Kg2 Qd7 34. a4 Kg7 35. Re4 h6 36. gxh6+ Kxh6 37. Qe2 Kg7 38. Re6 Bf6 39. Nxf6 Rxf6 40. Re7+ 1-0

[Event "North Bay int."]
[Site "North Bay CAN"]
[Date "1994.08.??"]
[Round "?"]
[White "Ross, Dave"]
[Black "Parker, Jonathan2"]
[Result "1-0"]
[WhiteElo "2392"]
[BlackElo "2217"]
[PlyCount "57"]
[GameId "2160767912198039"]
[EventDate "1994.08.04"]
[EventType "swiss"]
[EventRounds "8"]
[EventCountry "CAN"]
[SourceTitle "EXT 2022"]
[Source "ChessBase"]
[SourceDate "2021.10.06"]
[SourceVersion "1"]
[SourceVersionDate "2021.10.06"]
[SourceQuality "1"]

1. d4 Nf6 2. Nf3 g6 3. c4 Bg7 4. g3 O-O 5. Bg2 d6 6. O-O Nbd7 7. Nc3 e5 8. e4 exd4 9. Nxd4 Re8 10. h3 a6 11. Re1 Rb8 12. a4 a5 13. Ndb5 Nc5 14. Bg5 h6 15. Bf4 Nfd7 16. Nd5 Ne6 17. Be3 Ndc5 18. Ndc3 Bd7 19. Qc2 Bc6 20. Rad1 Qe7 21. Nd5 Bxd5 22. cxd5 Nf8 23. Bxc5 dxc5 24. e5 g5 25. d6 cxd6 26. Nxd6 Red8 27. Qxc5 Rbc8 28. Qxa5 Rc2 29. Nf5 1-0

[Event "North Bay int."]
[Site "North Bay CAN"]
[Date "1994.08.??"]
[Round "?"]
[White "Taylor, Gordon"]
[Black "Ross, Dave"]
[Result "0-1"]
[WhiteElo "2382"]
[BlackElo "2392"]
[PlyCount "50"]
[GameId "2160767912198040"]
[EventDate "1994.08.04"]
[EventType "swiss"]
[EventRounds "8"]
[EventCountry "CAN"]
[SourceTitle "EXT 2022"]
[Source "ChessBase"]
[SourceDate "2021.10.06"]
[SourceVersion "1"]
[SourceVersionDate "2021.10.06"]
[SourceQuality "1"]

1. d4 f5 2. c4 Nf6 3. g3 g6 4. Bg2 Bg7 5. Nf3 d6 6. O-O O-O 7. Nc3 Qe8 8. b3 e5 9. dxe5 dxe5 10. Ba3 Rf7 11. e4 Nc6 12. Re1 f4 13. Nd5 Bg4 14. Qd3 fxg3 15. fxg3 Bxf3 16. Bxf3 Bf8 17. c5 Nd4 18. Bg2 Qb5 19. Qc3 Ne2+ 20. Rxe2 Qxe2 21. Nxf6+ Rxf6 22. Qxe5 Bg7 23. Qd5+ Kh8 24. e5 Rf5 25. Qxb7 Rd8 0-1

[Event "Quebec op"]
[Site "Montreal CAN"]
[Date "1994.07.23"]
[Round "1"]
[White "Filiatrault, Marc"]
[Black "Ross, Dave"]
[Result "0-1"]
[WhiteElo "1949"]
[BlackElo "2342"]
[PlyCount "36"]
[GameId "2160767912198110"]
[EventDate "1994.07.23"]
[EventType "swiss"]
[EventRounds "8"]
[EventCountry "CAN"]
[SourceTitle "EXT 94op"]

1. e4 e6 2. d4 d5 3. Nc3 Bb4 4. e5 c5 5. a3 Bxc3+ 6. bxc3 Ne7 7. Qg4 O-O 8. Bd3 f5 9. exf6 Rxf6 10. Bg5 Rf7 11. Qg3 Nbc6 12. Nf3 c4 13. Be2 Qa5 14. Nh4 Nxd4 15. Bh5 g6 16. O-O Ndf5 17. Qh3 gxh5 18. Nf3 Ng6 0-1

[Event "Quebec op"]
[Site "Montreal CAN"]
[Date "1994.07.24"]
[Round "2"]
[White "Ross, Dave"]
[Black "Picard, Jean"]
[Result "1-0"]
[WhiteElo "2342"]
[BlackElo "1993"]
[PlyCount "59"]
[GameId "2160767912206330"]
[EventDate "1994.07.23"]
[EventType "swiss"]
[EventRounds "8"]
[EventCountry "CAN"]
[SourceTitle "EXT 94op"]

1. d4 Nf6 2. Nf3 g6 3. c4 Bg7 4. g3 c5 5. Bg2 cxd4 6. Nxd4 Nc6 7. O-O O-O 8. Nc3 Ng4 9. e3 Nge5 10. b3 d6 11. h3 Bd7 12. Bd2 Rc8 13. Rb1 a6 14. a4 Nb4 15. Kh2 Nec6 16. Nce2 Qb6 17. Bc3 Rcd8 18. Qd2 e5 19. Nxc6 Nxc6 20. b4 Ne7 21. b5 Qc7 22. bxa6 bxa6 23. Ba5 Qxc4 24. Bxd8 Rxd8 25. Rb7 Bf8 26. Rc1 Qxa4 27. Rcc7 Nf5 28. Nc3 Qa5 29. Rxd7 Rc8 30. Qd5 1-0

[Event "Quebec op"]
[Site "Montreal CAN"]
[Date "1994.07.25"]
[Round "3"]
[White "Saint-Pierre, Benoit"]
[Black "Ross, Dave"]
[Result "1/2-1/2"]
[WhiteElo "2183"]
[BlackElo "2342"]
[PlyCount "52"]
[GameId "2160767912202253"]
[EventDate "1994.07.23"]
[EventType "swiss"]
[EventRounds "8"]
[EventCountry "CAN"]
[SourceTitle "EXT 94op"]

1. e4 e6 2. d4 d5 3. e5 c5 4. c3 Nc6 5. Nf3 Bd7 6. dxc5 Bxc5 7. Bd3 Nge7 8. Bf4 Ng6 9. Bg3 O-O 10. h4 f5 11. h5 Nh8 12. Nbd2 Nf7 13. b4 Bb6 14. b5 Na5 15. a4 Nh6 16. c4 Ng4 17. O-O Be8 18. Bh4 Qd7 19. cxd5 Qxd5 20. Qe2 Bxh5 21. Nc4 h6 22. Rfd1 Qc5 23. Nxa5 Bxa5 24. Rac1 Qa3 25. Ra1 Qb4 26. Rab1 Qa3 1/2-1/2

[Event "Quebec op"]
[Site "Montreal CAN"]
[Date "1994.07.26"]
[Round "4"]
[White "Ross, Dave"]
[Black "Vucic, Mladen"]
[Result "1-0"]
[WhiteElo "2342"]
[BlackElo "2400"]
[PlyCount "87"]
[GameId "2160767912202272"]
[EventDate "1994.07.23"]
[EventType "swiss"]
[EventRounds "8"]
[EventCountry "CAN"]
[SourceTitle "EXT 94op"]

1. d4 Nf6 2. Nf3 c5 3. e3 e6 4. c4 a6 5. Nc3 d5 6. cxd5 exd5 7. Be2 Nc6 8. O-O c4 9. Ne5 Bb4 10. Bd2 O-O 11. a3 Bd6 12. f4 Na5 13. Bf3 Nb3 14. Rb1 Bf5 15. Be1 Bxb1 16. Qxb1 b5 17. Qc2 b4 18. axb4 Bxb4 19. Nc6 Bxc3 20. Nxd8 Bxe1 21. Nc6 Bd2 22. Ne7+ Kh8 23. Nxd5 Nxd5 24. Bxd5 Bxe3+ 25. Kh1 Rac8 26. Qe2 Bxd4 27. Bxc4 Rfe8 28. Qd1 Rxc4 29. Qxb3 Rec8 30. h4 a5 31. Re1 R4c7 32. Qa4 Rc1 33. Rxc1 Rxc1+ 34. Kh2 Bg1+ 35. Kg3 Rc8 36. Qxa5 Kg8 37. Kf3 g6 38. g4 Rb8 39. b4 Bb6 40. Qa6 Bg1 41. Qd6 Rc8 42. b5 Rc3+ 43. Kg2 Be3 44. Qb8+ 1-0

[Event "Quebec op"]
[Site "Montreal CAN"]
[Date "1994.07.28"]
[Round "6"]
[White "Ross, Dave"]
[Black "Desforges, Jean"]
[Result "1-0"]
[WhiteElo "2342"]
[BlackElo "2072"]
[PlyCount "47"]
[GameId "2160767912202305"]
[EventDate "1994.07.23"]
[EventType "swiss"]
[EventRounds "8"]
[EventCountry "CAN"]
[SourceTitle "EXT 94op"]

1. d4 Nf6 2. Nf3 e6 3. c4 d5 4. g3 Be7 5. Bg2 O-O 6. O-O b6 7. cxd5 exd5 8. Nc3 Bb7 9. Re1 Nbd7 10. Bf4 Ne4 11. Qc2 Bd6 12. Bxd6 Nxd6 13. Rad1 Kh8 14. Ne5 c6 15. e4 dxe4 16. Nxe4 Nxe4 17. Bxe4 Nxe5 18. dxe5 Qe8 19. Bxh7 g6 20. Bxg6 fxg6 21. e6 Rf3 22. Qa4 c5 23. Qh4+ Kg8 24. Rd7 1-0

[Event "CAN-op"]
[Site "Winnipeg CAN"]
[Date "1994.07.09"]
[Round "1"]
[White "Ross, Dave"]
[Black "Klokaw, John"]
[Result "1-0"]
[WhiteElo "2375"]
[BlackElo "1706"]
[PlyCount "91"]
[GameId "2160767912202364"]
[EventDate "1994.07.09"]
[EventType "swiss"]
[EventRounds "10"]
[EventCountry "CAN"]
[SourceTitle "EXT 97"]
[Source "ChessBase"]
[SourceDate "1997.11.17"]
[SourceVersion "1"]
[SourceVersionDate "1997.11.17"]
[SourceQuality "1"]

1. d4 Nf6 2. Nf3 e6 3. c4 c5 4. e3 g6 5. Nc3 Bg7 6. Be2 O-O 7. O-O b6 8. b3 Bb7 9. Bb2 d5 10. dxc5 bxc5 11. cxd5 exd5 12. Na4 Nbd7 13. Rc1 Rc8 14. Rc2 Rc7 15. Qa1 Qe7 16. Rfc1 Rfc8 17. Ne5 Nxe5 18. Bxe5 Nh5 19. Bxg7 Nxg7 20. Bg4 Nf5 21. Bxf5 gxf5 22. Qc3 Qg5 23. f4 Qg6 24. Qd2 c4 25. Qd4 h5 26. b4 Qe6 27. Nc3 Re7 28. Re2 Qb6 29. a3 Qxd4 30. exd4 Rxe2 31. Nxe2 Re8 32. Kf2 Kf8 33. Rc3 Re6 34. Re3 Rxe3 35. Kxe3 Ke7 36. Ng3 h4 37. Nxf5+ Kf6 38. Nxh4 Bc8 39. h3 Bd7 40. g4 Bc8 41. Nf3 Ke6 42. Ng1 f6 43. Ne2 Kd6 44. Nc3 Be6 45. f5 Bf7 46. Kf4 1-0